[Event "North American-ch UNN"]
[Site "Dulles"]
[Date "2024.12.22"]
[Round "8"]
[White "Sukhiashvili, Alexander"]
[Black "Venkatesh, Narayan"]
[Result "1/2-1/2"]
[WhiteElo "1852"]
[BlackElo "2214"]
[PlyCount "50"]
[EventDate "2024.12.18"]
[EventType "swiss"]
[EventRounds "9"]
[EventCountry "USA"]
[SourceTitle "CB02_2025"]
[SourceDate "2025.01.08"]
[SourceVersion "1"]
[SourceVersionDate "2025.01.08"]
[SourceQuality "1"]

1. e4 e6 2. d4 d5 3. Nc3 Bb4 4. e5 c5 5. a3 Bxc3+ 6. bxc3 Ne7 7. Qg4 Qc7 8. Qxg7 Rg8 9. Qxh7 cxd4 10. Qd3 Qxe5+ 11. Ne2 dxc3 12. Qxc3 Qxc3+ 13. Nxc3 Nbc6 14. h4 e5 15. Bg5 Bf5 16. 0-0-0 d4 17. Ne2 Rc8 18. Ng3 Bg6 19. Bd3 Nd5 20. Bxg6 Rxg6 21. Ne4 Na5 22. h5 Rb6 23. Rd3 f5 24. Nd2 Nc3 25. Re1 e4 1/2-1/2